Serie A 2025-2026 - Statistics

Statistiche generali
  • Questo quiz è stato fatto 649 volte
    553 dall'ultimo reset
  • Il punteggio medio è 18 su 20
Statistiche sulle risposte
Squadra % Corretto
Inter
98%
Milan
98%
Juventus
97%
Napoli
95%
Fiorentina
94%
Roma
94%
Lazio
93%
Sassuolo
93%
Atalanta
92%
Bologna
91%
Cagliari
91%
Torino
91%
Udinese
91%
Como
90%
Hellas Verona
90%
Cremonese
88%
Genoa
88%
Pisa
88%
Lecce
81%
Parma
78%
Nessun quiz corrispondente trovato
Distribuzione punteggi
Percentuale di utenti per punteggio
Percentile per numero di risposta
I tuoi punteggi nel tempo
Non hai fatto questo quiz dall'ultimo reset